[Event "Bay Area International"]
[Site "?"]
[Date "2019.01.03"]
[Round "3"]
[White "Ampie, Mauro"]
[Black "Ghazarian, Kirk"]
[Result "1/2-1/2"]
[WhiteElo "2318"]
[BlackElo "2226"]
[PlyCount "89"]
[EventDate "2019.??.??"]
[SourceVersionDate "2019.01.03"]

1. e4 c5 2. Nc3 g6 3. d4 cxd4 4. Qxd4 Nf6 5. Nf3 Nc6 6. Qa4 d6 7. e5 Ng4 8.
exd6 Qxd6 9. Bf4 Qc5 10. O-O-O Bg7 11. Nd5 O-O 12. h3 Be6 13. hxg4 Bxd5 14. Be3
Qb4 15. Qxb4 Nxb4 16. Bc5 Bxf3 17. gxf3 Nxc2 18. Bxe7 Rfe8 19. Rd7 Rac8 20. Kb1
Bf6 21. Bd3 Rxe7 22. Rxe7 Na3+ 23. bxa3 Bxe7 24. Rc1 Rxc1+ 25. Kxc1 Bxa3+ 26.
Kd2 h5 27. gxh5 gxh5 28. f4 Kf8 29. Be2 h4 30. Ke3 Bc5+ 31. Kf3 Ke7 32. Bc4 f6
33. Bf1 Kd6 34. Kg4 Bxf2 35. Kf5 Bg3 36. Kxf6 Bxf4 37. Kf5 Bg3 38. Kg4 Kc5 39.
Kf3 Kb4 40. Bh3 Ka3 41. Be6 b5 42. Kg2 b4 43. Bg8 a5 44. Bf7 a4 45. Bg8 1/2-1/2

[Event "Bay Area International"]
[Site "?"]
[Date "2019.01.03"]
[Round "3"]
[White "Banik, Siddharth"]
[Black "Wang, Justin"]
[Result "1/2-1/2"]
[WhiteElo "2276"]
[BlackElo "2419"]
[PlyCount "69"]
[EventDate "2019.??.??"]
[SourceVersionDate "2019.01.03"]

1. e4 e5 2. Nf3 Nc6 3. Bc4 Nf6 4. d3 Be7 5. O-O O-O 6. Re1 d6 7. a4 Na5 8. Ba2
c5 9. Na3 Nc6 10. c3 Be6 11. Bxe6 fxe6 12. Bd2 a6 13. b4 cxb4 14. cxb4 d5 15.
Qb3 Qb6 16. Nc2 Bc5 17. Be3 Bxe3 18. Rxe3 Kh8 19. a5 Qa7 20. Qb2 Rad8 21. h3 d4
22. Ree1 Nh5 23. b5 axb5 24. Qxb5 Qa6 25. Reb1 Rc8 26. Nce1 Nf4 27. Kf1 Rc7 28.
Qxa6 bxa6 29. Rb6 Rcc8 30. g3 Nxd3 31. Nxd3 Rxf3 32. Ke2 Rff8 33. Ra2 Na7 34.
Rxa6 Nb5 35. Rb2 1/2-1/2

[Event "Bay Area International"]
[Site "?"]
[Date "2019.01.03"]
[Round "3"]
[White "Betaneli, Alex"]
[Black "Gaffagan, Steven"]
[Result "1-0"]
[WhiteElo "2254"]
[BlackElo "1996"]
[PlyCount "67"]
[EventDate "2019.??.??"]
[SourceVersionDate "2019.01.03"]

1. c4 g6 2. g3 Bg7 3. Bg2 c5 4. Nc3 Nc6 5. a3 e5 6. b4 d6 7. Rb1 Nge7 8. b5 Nd4
9. e3 Ne6 10. Nge2 O-O 11. O-O f5 12. f4 h6 13. Nd5 g5 14. d3 Ng6 15. Bb2 Bd7
16. Qd2 Rb8 17. Rf2 Rf7 18. Rbf1 exf4 19. exf4 g4 20. Bxg7 Kxg7 21. Re1 Ne7 22.
d4 Qe8 23. dxc5 dxc5 24. Qb2+ Kg6 25. Qe5 Ng8 26. Nec3 Qf8 27. Ne4 Nd4 28. Nxc5
Nf3+ 29. Bxf3 gxf3 30. Nxd7 Rxd7 31. Qe6+ Nf6 32. Nxf6 Rd6 33. Nd7+ Rxe6 34.
Nxf8+ 1-0

[Event "Bay Area International"]
[Site "?"]
[Date "2019.01.03"]
[Round "3"]
[White "Boros, Denes"]
[Black "Quesada, Yuniesky"]
[Result "1/2-1/2"]
[WhiteElo "2442"]
[BlackElo "2642"]
[PlyCount "68"]
[EventDate "2019.??.??"]
[SourceVersionDate "2019.01.03"]

1. d4 Nf6 2. c4 e6 3. g3 d5 4. Bg2 Be7 5. Nf3 O-O 6. O-O Nbd7 7. Nc3 dxc4 8. a4
c5 9. a5 Nd5 10. e4 Nxc3 11. bxc3 b5 12. axb6 Nxb6 13. Be3 Bb7 14. dxc5 Nd7 15.
Qb1 Qc8 16. Ra5 Qc7 17. Qb4 Bxe4 18. Rfa1 Rfc8 19. Qxc4 Bd5 20. Qd3 Nxc5 21.
Bxc5 Bxc5 22. Ng5 g6 23. Bxd5 exd5 24. Qxd5 Bb6 25. R5a4 h6 26. Ne4 Rd8 27.
Nf6+ Kg7 28. Qf3 Qd6 29. Rf4 Rac8 30. Nh5+ Kg8 31. Rxf7 Rf8 32. Nf6+ Kxf7 33.
Ne4+ Kg7 34. Nxd6 Rxf3 1/2-1/2

[Event "Bay Area International"]
[Site "?"]
[Date "2019.01.03"]
[Round "3"]
[White "Brown, Michael"]
[Black "Li, Zhaozhi"]
[Result "1/2-1/2"]
[WhiteElo "2524"]
[BlackElo "2395"]
[PlyCount "198"]
[EventDate "2019.??.??"]
[SourceVersionDate "2019.01.03"]

1. c4 e5 2. Nc3 Nc6 3. Nf3 f5 4. d4 e4 5. Ng5 Bb4 6. Nh3 Nf6 7. e3 Bxc3+ 8.
bxc3 d6 9. Nf4 b6 10. c5 dxc5 11. Bb5 Bd7 12. O-O Qe7 13. Ba3 Na5 14. Ba6 O-O
15. h4 Rfd8 16. Qe2 Bc8 17. dxc5 Bxa6 18. Qxa6 Qf7 19. Bb4 Qc4 20. Qxc4+ Nxc4
21. Ne6 Rd7 22. a4 a5 23. Ba3 Re8 24. Nd4 Nd5 25. Nxf5 Nxc3 26. cxb6 cxb6 27.
Bc1 Re5 28. Nd4 Rh5 29. g3 g5 30. hxg5 Rxg5 31. Kg2 Rh5 32. Ba3 Nxa4 33. Rfc1
Nxa3 34. Rc8+ Kf7 35. Rxa3 Nc5 36. Rc6 Rb7 37. Nb5 Ke7 38. Nd6 Rb8 39. Rxb6
Rxb6 40. Nc8+ Kd7 41. Nxb6+ Kc6 42. Nc4 a4 43. Nb2 Kb5 44. Ra1 Rd5 45. Nxa4
Nxa4 46. Rh1 h5 47. Rh4 Nc3 48. f3 Rd2+ 49. Kf1 exf3 50. Rxh5+ Kc4 51. Rf5 Kd3
52. Rxf3 Ne4 53. g4 Ra2 54. Rf8 Ng5 55. Rf5 Nh3 56. Rf3 Rh2 57. e4+ Kxe4 58.
Rf8 Ng5 59. Rf2 Rh3 60. Kg2 Re3 61. Kf1 Ra3 62. Kg2 Nh3 63. Re2+ Kf4 64. Re8
Ng5 65. Rf8+ Ke4 66. Re8+ Kf4 67. Rf8+ Ke3 68. Re8+ Ne4 69. g5 Kf4 70. Rf8+
Kxg5 71. Rg8+ Kf4 72. Rf8+ Ke5 73. Rf3 Ra2+ 74. Kg1 Ng5 75. Rf8 Ke4 76. Re8+
Kf3 77. Rf8+ Ke3 78. Re8+ Ne4 79. Re7 Rd2 80. Re8 Rb2 81. Re7 Rb8 82. Kg2 Rf8
83. Ra7 Rg8+ 84. Kh2 Nc3 85. Re7+ Ne4 86. Ra7 Nd2 87. Kh3 Nf3 88. Ra3+ Ke4 89.
Ra4+ Nd4 90. Kh2 Ke3 91. Ra3+ Kf2 92. Ra2+ Ne2 93. Kh3 Kf3 94. Ra3+ Ke4 95.
Ra4+ Nd4 96. Kh2 Ke3 97. Ra3+ Kf4 98. Ra4 Rd8 99. Kg2 Rg8+ 1/2-1/2

[Event "Bay Area International"]
[Site "?"]
[Date "2019.01.03"]
[Round "3"]
[White "Chambers, Ezra"]
[Black "Ringoir, Tanguy"]
[Result "0-1"]
[WhiteElo "2360"]
[BlackElo "2516"]
[PlyCount "56"]
[EventDate "2019.??.??"]
[SourceVersionDate "2019.01.03"]

1. e4 e5 2. Nf3 Nc6 3. Nc3 Nf6 4. h3 Bb4 5. Bd3 O-O 6. O-O d6 7. Re1 Ba5 8. Bc4
Be6 9. Bxe6 fxe6 10. d3 Qe8 11. Be3 Nh5 12. Kh2 Bb6 13. Bxb6 axb6 14. Nb5 Qf7
15. c3 Qf4+ 16. Kg1 Rf7 17. d4 Raf8 18. Re3 Qh6 19. a4 Nf4 20. Ne1 Qf6 21. b3
exd4 22. cxd4 e5 23. d5 Nxd5 24. exd5 Qxf2+ 25. Kh2 Qxe3 26. dxc6 bxc6 27. Na7
Rf1 28. Nxc6 Qf4+ 0-1

[Event "Bay Area International"]
[Site "?"]
[Date "2019.01.03"]
[Round "3"]
[White "Chandra, Akshat"]
[Black "Daggupati, Balaji"]
[Result "1-0"]
[WhiteElo "2492"]
[BlackElo "2257"]
[PlyCount "53"]
[EventDate "2019.??.??"]
[SourceVersionDate "2019.01.03"]

1. e4 e5 2. Nf3 Nc6 3. Bb5 a6 4. Ba4 Nf6 5. O-O Be7 6. Re1 b5 7. Bb3 O-O 8. a4
b4 9. d3 h6 10. a5 Bb7 11. Nbd2 d5 12. exd5 Nd4 13. Bc4 Nxd5 14. Nxe5 Bf6 15.
Ng4 Bg5 16. Ne4 Bxc1 17. Rxc1 Nf4 18. Nxh6+ gxh6 19. Qg4+ Kh7 20. Qxf4 f5 21.
Nc5 Bc8 22. c3 bxc3 23. bxc3 Nc6 24. Ne6 Bxe6 25. Rxe6 Rf6 26. Rce1 Nxa5 27.
Rxf6 1-0

[Event "Bay Area International"]
[Site "?"]
[Date "2019.01.03"]
[Round "3"]
[White "Cline, John"]
[Black "Sathiaram, Sarvadh"]
[Result "1/2-1/2"]
[WhiteElo "2272"]
[BlackElo "2046"]
[PlyCount "112"]
[EventDate "2019.??.??"]
[SourceVersionDate "2019.01.03"]

1. c4 Nf6 2. g3 e5 3. Bg2 d5 4. cxd5 Nxd5 5. Nc3 Be6 6. Nf3 Nc6 7. O-O Be7 8.
d4 exd4 9. Nb5 d3 10. Qxd3 a6 11. Nbd4 Ndb4 12. Nxe6 fxe6 13. Qe4 Qd5 14. Qg4
Qf5 15. Qc4 b5 16. e4 bxc4 17. exf5 Rb8 18. Bf4 exf5 19. Rfc1 Bd6 20. Bxd6 cxd6
21. Rxc4 Kd7 22. a3 Nd5 23. b4 Rbc8 24. Rd1 Nce7 25. Rcd4 Rhd8 26. Ng5 h6 27.
Nf7 Rf8 28. Bxd5 Nxd5 29. Rxd5 Rxf7 30. Rxd6+ Ke7 31. Rxa6 Rf6 32. Rxf6 Kxf6
33. b5 Ra8 34. Rd3 Ke6 35. f4 Ra5 36. Rb3 Kd7 37. Kf2 Kc7 38. Ke3 Ra4 39. b6+
Kb7 40. Kd3 g5 41. fxg5 hxg5 42. h3 g4 43. h4 f4 44. gxf4 Rxf4 45. Rb4 Rf3+ 46.
Ke2 Rxa3 47. Rxg4 Kxb6 48. h5 Rh3 49. Rg5 Kc6 50. Kf2 Kd6 51. Kg2 Rh4 52. Kg3
Rh1 53. Kf4 Rf1+ 54. Ke4 Ke6 55. h6 Re1+ 56. Kf4 Rf1+ 1/2-1/2

[Event "Bay Area International"]
[Site "?"]
[Date "2019.01.03"]
[Round "3"]
[White "Colas, Joshua"]
[Black "Hevia, Carlos"]
[Result "0-1"]
[WhiteElo "2309"]
[BlackElo "2476"]
[PlyCount "110"]
[EventDate "2019.??.??"]
[SourceVersionDate "2019.01.03"]

1. Nf3 Nf6 2. c4 b6 3. g3 Bb7 4. Bg2 g6 5. b3 Bg7 6. Bb2 O-O 7. O-O c5 8. d4
cxd4 9. Qxd4 Na6 10. Nc3 Rc8 11. Rfd1 Nc5 12. Qe3 Ng4 13. Qc1 a6 14. h3 Nf6 15.
Qe3 d6 16. Rab1 Re8 17. Ba1 Ncd7 18. Rbc1 Rc5 19. Na4 Rc8 20. Nc3 Rc7 21. g4 h6
22. Qf4 Qa8 23. Ne1 Rec8 24. Qe3 Kf8 25. f4 Bxg2 26. Nxg2 Rc5 27. Ne1 Re8 28.
Nd3 Rcc8 29. Nb4 Qb7 30. Ncd5 b5 31. Nxf6 Bxf6 32. Bxf6 Nxf6 33. cxb5 Qxb5 34.
Nd3 Qb7 35. Nf2 Kg7 36. g5 hxg5 37. fxg5 Nh5 38. Nd3 Rxc1 39. Rxc1 Qd5 40. Rc4
e5 41. Nb4 Qe6 42. Nxa6 Qf5 43. Nc7 Rh8 44. Nd5 Qb1+ 45. Rc1 Qxa2 46. Rf1 Rb8
47. Rf3 Qa5 48. Qd3 Qe1+ 49. Kh2 Rc8 50. Nc3 Rd8 51. Qc4 Nf4 52. Qe4 Rc8 53.
Qe3 Rxc3 54. Qxc3 Qxe2+ 55. Kg3 Nh5+ 0-1

[Event "Bay Area International"]
[Site "?"]
[Date "2019.01.03"]
[Round "3"]
[White "Costello, Alex"]
[Black "Hong, Andrew"]
[Result "0-1"]
[WhiteElo "2231"]
[BlackElo "2390"]
[PlyCount "64"]
[EventDate "2019.??.??"]
[SourceVersionDate "2019.01.03"]

1. e4 c5 2. Ne2 Nf6 3. Nbc3 d6 4. g3 g6 5. Bg2 Bg7 6. O-O Nc6 7. d3 O-O 8. h3
Rb8 9. f4 Nd7 10. g4 Nd4 11. f5 b5 12. Nd5 Bb7 13. Ne3 e6 14. c3 Nxe2+ 15. Qxe2
b4 16. Bd2 bxc3 17. bxc3 g5 18. h4 h6 19. hxg5 hxg5 20. fxe6 fxe6 21. d4 cxd4
22. cxd4 Qb6 23. Nc4 Bxd4+ 24. Kh1 Qc5 25. Rac1 Ba6 26. a3 Rbc8 27. Rxf8+ Nxf8
28. Bf1 d5 29. exd5 Qxd5+ 30. Bg2 Rxc4 31. Rf1 Qd7 32. Qf3 Qh7+ 0-1

[Event "Bay Area International"]
[Site "?"]
[Date "2019.01.03"]
[Round "3"]
[White "Gabuzyan, Hovhannes"]
[Black "Wheeler, Cameron"]
[Result "1-0"]
[WhiteElo "2605"]
[BlackElo "2417"]
[PlyCount "83"]
[EventDate "2019.??.??"]
[SourceVersionDate "2019.01.03"]

1. Nf3 Nf6 2. b3 b5 3. e3 a6 4. c4 bxc4 5. bxc4 g6 6. Nc3 Bg7 7. Ba3 d6 8. g3
c5 9. Bg2 Bb7 10. O-O Nbd7 11. Rb1 Rb8 12. Qc2 O-O 13. Rb3 Bc6 14. d3 Qa5 15.
Bc1 Rxb3 16. axb3 Rb8 17. Bd2 Qb6 18. Rb1 Qb7 19. e4 e6 20. h3 h6 21. Be3 Qb4
22. Na2 Qb7 23. Qc1 Kh7 24. b4 d5 25. exd5 exd5 26. Bf4 dxc4 27. Bxb8 Bxf3 28.
bxc5 Bxg2 29. Rxb7 Bxb7 30. Bd6 cxd3 31. Nb4 Ne4 32. Nxd3 Nc3 33. Qe3 Be4 34.
Kh2 f5 35. f3 Nd5 36. Qe2 Nc3 37. Qf1 Bc6 38. Qe1 Bxf3 39. Qe7 Nf6 40. Be5 Ncd5
41. Qf7 g5 42. c6 1-0

[Event "Bay Area International"]
[Site "?"]
[Date "2019.01.03"]
[Round "3"]
[White "Grabinsky, Aaron"]
[Black "Somalwar, Anaiy"]
[Result "1-0"]
[WhiteElo "2350"]
[BlackElo "2069"]
[PlyCount "91"]
[EventDate "2019.??.??"]
[SourceVersionDate "2019.01.03"]

1. e4 c5 2. Nf3 e6 3. b3 Nc6 4. Bb2 d5 5. exd5 exd5 6. Bb5 Qe7+ 7. Be2 Nf6 8.
O-O Qd8 9. d4 Be7 10. dxc5 O-O 11. Ba3 Ne4 12. b4 Bf6 13. c3 Bxc3 14. Nxc3 Nxc3
15. Qd2 Nxe2+ 16. Qxe2 Bg4 17. Qd3 Bxf3 18. Qxf3 a6 19. Rad1 d4 20. Bb2 Qd7 21.
a4 Rfe8 22. b5 axb5 23. axb5 Ne5 24. Qb3 d3 25. f4 Ng6 26. Rxd3 Qc7 27. Qc3 f6
28. Qc4+ Kh8 29. Rd2 Rac8 30. Ba3 Re3 31. Bb4 Rce8 32. Rd4 f5 33. c6 bxc6 34.
Qxc6 Qf7 35. b6 Re2 36. Rd3 Nh4 37. Rg3 R2e6 38. Qc7 Qxc7 39. bxc7 h6 40. Rd3
Rc6 41. Rc3 Rxc3 42. Bxc3 Ng6 43. Rd1 Ne7 44. Rd7 Nc8 45. Rxg7 Re3 46. Rg3+ 1-0

[Event "Bay Area International"]
[Site "?"]
[Date "2019.01.03"]
[Round "3"]
[White "Harazinska, Ewa"]
[Black "Canessa, John"]
[Result "1-0"]
[WhiteElo "2222"]
[BlackElo "1958"]
[PlyCount "73"]
[EventDate "2019.??.??"]
[SourceVersionDate "2019.01.03"]

1. d4 Nf6 2. c4 e6 3. Nc3 Bb4 4. Qc2 d5 5. cxd5 exd5 6. Bg5 h6 7. Bh4 c5 8.
dxc5 g5 9. Bg3 Ne4 10. Bxb8 Bxc3+ 11. bxc3 Rxb8 12. e3 Qa5 13. Rc1 Bd7 14. Bd3
Ba4 15. Qb2 Nxc5 16. Be2 Rc8 17. Nf3 Ne4 18. Qxb7 O-O 19. O-O Nxc3 20. Bd3 Rc7
21. Qb2 Rfc8 22. Nd4 Bd7 23. Rc2 Na4 24. Qa3 Rxc2 25. Bxc2 Qc5 26. Qd3 f5 27.
Bxa4 Bxa4 28. Qxf5 Bc2 29. Nxc2 Qxc2 30. Qxd5+ Kg7 31. Rd1 Rf8 32. Qe5+ Rf6 33.
Rd7+ Kg6 34. Qe8+ Kf5 35. Rd5+ Kg4 36. h3+ Kh4 37. g3+ 1-0

[Event "Bay Area International"]
[Site "?"]
[Date "2019.01.03"]
[Round "3"]
[White "Hilby, Craig"]
[Black "Prohaszka, Peter"]
[Result "1/2-1/2"]
[WhiteElo "2445"]
[BlackElo "2613"]
[PlyCount "84"]
[EventDate "2019.??.??"]
[SourceVersionDate "2019.01.03"]

1. e4 c6 2. d4 d5 3. e5 c5 4. dxc5 e6 5. a3 Bxc5 6. b4 Bb6 7. Nf3 Ne7 8. Bd3 a5
9. b5 a4 10. O-O Nd7 11. Qe2 Nc5 12. Be3 Nxd3 13. Qxd3 Bxe3 14. Qxe3 Nf5 15.
Qd3 Bd7 16. Nbd2 O-O 17. Rab1 Qe7 18. c4 Qc5 19. Rfd1 Rfc8 20. cxd5 exd5 21.
Nf1 Be6 22. g4 Ne7 23. Ne3 Qc3 24. Rb4 Rc5 25. h4 Qxd3 26. Rxd3 Ra5 27. Rdd4 h6
28. Rxa4 Rcxb5 29. Rxa5 Rxa5 30. Rd3 Nc6 31. Kg2 d4 32. Nxd4 Nxe5 33. Rc3 Nxg4
34. Nxe6 Nxe3+ 35. Rxe3 fxe6 36. Rxe6 Rxa3 37. Rb6 Ra7 38. Kg3 Kf7 39. Kg4 Ke8
40. f4 Kd8 41. Rg6 b5 42. Rb6 Ke7 1/2-1/2

[Event "Bay Area International"]
[Site "?"]
[Date "2019.01.03"]
[Round "3"]
[White "Jacobson, Brandon"]
[Black "Mont-Reynaud, Jordy"]
[Result "1-0"]
[WhiteElo "2404"]
[BlackElo "2241"]
[PlyCount "83"]
[EventDate "2019.??.??"]
[SourceVersionDate "2019.01.03"]

1. e4 c5 2. Nf3 Nc6 3. d4 cxd4 4. Nxd4 g6 5. c4 Bg7 6. Be3 Nh6 7. Nc3 O-O 8.
Be2 f5 9. exf5 Nxf5 10. Nxf5 gxf5 11. f4 d6 12. O-O Be6 13. Rc1 Qa5 14. Qd2 Kh8
15. Kh1 Bg8 16. b3 Rad8 17. Bf3 e6 18. Rfd1 Rd7 19. Nb5 Qxd2 20. Rxd2 Rfd8 21.
Rcd1 d5 22. Nxa7 Bc3 23. Rd3 Bf6 24. Nb5 e5 25. fxe5 Nxe5 26. Bd4 Kg7 27. Bxe5
Bxe5 28. Bxd5 Kf6 29. g3 h6 30. Kg2 Bh7 31. Nd4 Ra8 32. a4 Rg7 33. Nf3 Bb8 34.
Re3 Ra6 35. Re8 Bc7 36. Rde1 f4 37. Rf8+ Kg6 38. Be4+ Kh5 39. Bxh7 Rxh7 40.
Rf5+ Kg4 41. Nd4 f3+ 42. Kf2 1-0

[Event "Bay Area International"]
[Site "?"]
[Date "2019.01.03"]
[Round "3"]
[White "Javakhadze, Zurabi"]
[Black "Swiercz, Dariusz"]
[Result "0-1"]
[WhiteElo "2449"]
[BlackElo "2647"]
[PlyCount "140"]
[EventDate "2019.??.??"]
[SourceVersionDate "2019.01.03"]

1. Nf3 d5 2. g3 g6 3. Bg2 Bg7 4. d4 Nd7 5. c4 dxc4 6. Qa4 Ngf6 7. O-O O-O 8.
Qxc4 Nb6 9. Qb3 Be6 10. Qd1 Ne4 11. Nbd2 Bd5 12. Qc2 Nxd2 13. Bxd2 Bxf3 14.
Bxf3 Qxd4 15. Bc3 Qc4 16. Bxb7 Rab8 17. Be4 Bxc3 18. bxc3 Na4 19. Bd3 Qc6 20.
Be4 Qa6 21. Rab1 Qa5 22. Bf3 Rb6 23. Rb4 Nc5 24. Qd2 Ne6 25. Rh4 Rd8 26. Qh6
Nf8 27. Rc4 Qe5 28. a4 Ne6 29. Rh4 Nf8 30. Rc4 Rb3 31. Re4 Qc5 32. c4 Rb4 33.
a5 e6 34. Qh4 Rdb8 35. a6 Qd6 36. Rd4 Qxa6 37. Rfd1 Rb1 38. Rxb1 Rxb1+ 39. Kg2
Qa1 40. Rd8 Rg1+ 41. Kh3 Qf1+ 42. Kg4 Kg7 43. Qe7 h5+ 44. Kf4 Qc1+ 45. e3 Qxc4+
46. Be4 e5+ 47. Qxe5+ f6 48. Qe7+ Qf7 49. Qxf7+ Kxf7 50. Bd5+ Ke7 51. Rc8 Rc1
52. h4 a5 53. Ra8 Rc5 54. Bg8 Nd7 55. Ke4 Nb6 56. Rb8 a4 57. Kd3 Ra5 58. Ba2
Nd7 59. Rb4 Ne5+ 60. Kd2 a3 61. f4 Ng4 62. Re4+ Kd6 63. Kc3 Rb5 64. Bb3 Rc5+
65. Kb4 Rc1 66. Re6+ Kd7 67. e4 c5+ 68. Kxa3 c4 69. f5 gxf5 70. exf5 cxb3 0-1

[Event "Bay Area International"]
[Site "?"]
[Date "2019.01.03"]
[Round "3"]
[White "Johnston, Daniel"]
[Black "Kumar, Nikhil"]
[Result "0-1"]
[WhiteElo "1979"]
[BlackElo "2281"]
[PlyCount "188"]
[EventDate "2019.??.??"]
[SourceVersionDate "2019.01.03"]

1. Nf3 Nf6 2. g3 b6 3. Bg2 Bb7 4. d3 d5 5. O-O e6 6. Nbd2 Be7 7. e4 dxe4 8.
dxe4 O-O 9. Qe2 Qc8 10. e5 Nfd7 11. Re1 Nc6 12. h4 Rd8 13. Nf1 Nc5 14. Bg5 Bxg5
15. hxg5 Ba6 16. Qe3 Nb4 17. Qc3 Nd5 18. Qd4 Qd7 19. Rad1 Qe8 20. Qh4 Bb7 21.
Nd4 Ne7 22. b4 Ng6 23. Qh5 Bxg2 24. Kxg2 Na4 25. Ne3 Nc3 26. Rd3 Nd5 27. Nxd5
Rxd5 28. Rh1 Nf8 29. Qe2 Rad8 30. Rhd1 Qa4 31. c4 R5d7 32. a3 a5 33. Nc2 Qc6+
34. Kh2 Rxd3 35. Rxd3 Qxc4 36. Rd2 Qxe2 37. Rxe2 axb4 38. axb4 Ng6 39. f4 Ne7
40. Ne3 Kf8 41. Kg2 Rd3 42. Kf2 Ke8 43. Rc2 Kd7 44. Rc4 Nc6 45. Nc2 Ne7 46. Ne3
Rb3 47. Rd4+ Kc8 48. Rc4 b5 49. Rc1 Ng6 50. Rh1 Nf8 51. Nc2 Rb2 52. Rc1 Nd7 53.
Ke3 Nb6 54. Kd2 Rb3 55. Rh1 Nc4+ 56. Ke2 Rxg3 57. Rxh7 Rg2+ 58. Kd3 Rd2+ 59.
Kc3 Rf2 60. Nd4 Rxf4 61. Rxg7 Nxe5 62. Nxb5 Ng6 63. Nd4 Ne7 64. b5 Kd7 65. Ne2
Rf2 66. Kd3 Kd6 67. Nc3 Rf3+ 68. Kc4 Ke5 69. Rh7 Rf4+ 70. Kd3 Rd4+ 71. Ke2 Rf4
72. Kd3 Ng6 73. Ne2 Rf3+ 74. Kc4 Kd6 75. Nd4 Ne5+ 76. Kb4 Rg3 77. Rh8 Rxg5 78.
Rd8+ Ke7 79. Ra8 Rg4 80. Kc3 Rg3+ 81. Kb4 Rd3 82. Nb3 Nd7 83. Ra7 Kd6 84. Na5
Nc5 85. Nc4+ Kd5 86. Na5 Rd4+ 87. Kc3 Ra4 88. Ra8 Ke4 89. Rb8 Rxa5 90. Kb4 Ra1
91. Kxc5 Rc1+ 92. Kb4 f5 93. Rc8 f4 94. Ka4 f3 0-1

[Event "Bay Area International"]
[Site "?"]
[Date "2019.01.03"]
[Round "3"]
[White "Ke, Ivan"]
[Black "Cordova, Emilio"]
[Result "0-1"]
[WhiteElo "2251"]
[BlackElo "2597"]
[PlyCount "76"]
[EventDate "2019.??.??"]
[SourceVersionDate "2019.01.03"]

1. e4 c5 2. Nf3 Nc6 3. Bb5 e6 4. O-O Nge7 5. d4 cxd4 6. Nxd4 Qb6 7. Bxc6 bxc6
8. c4 c5 9. Nc2 Ng6 10. Nc3 Be7 11. f4 O-O 12. b3 Bb7 13. Bb2 f5 14. Qd3 fxe4
15. Nxe4 Qc6 16. Qc3 Rf7 17. Rae1 Nh4 18. b4 cxb4 19. Nxb4 Bc5+ 20. Kh1 Qxe4
21. Rxe4 Bxe4 22. Rf3 Nxf3 23. gxf3 Bxb4 24. Qxb4 Bxf3+ 25. Kg1 Rxf4 26. Be5
Rf5 27. Bd6 Bc6 28. Qb1 a5 29. a3 a4 30. Bb8 Rf3 31. Bd6 Re8 32. Qc1 e5 33. Qg5
Rf6 34. Qh5 Ree6 35. Bb4 Rf4 36. h4 Rg6+ 37. Kh2 Rf2+ 38. Kh3 Bg2+ 0-1

[Event "Bay Area International"]
[Site "?"]
[Date "2019.01.03"]
[Round "3"]
[White "Kondakov, Adrian"]
[Black "Virtanen, Teemu"]
[Result "0-1"]
[WhiteElo "2018"]
[BlackElo "2326"]
[PlyCount "92"]
[EventDate "2019.??.??"]
[SourceVersionDate "2019.01.03"]

1. e4 e5 2. Nf3 Nc6 3. Bc4 Nf6 4. d3 h6 5. Nbd2 g6 6. O-O Bg7 7. c3 O-O 8. h3
d6 9. Re1 Kh7 10. Nf1 Be6 11. Bb3 Qd7 12. Ng3 Ng8 13. Bc2 Rae8 14. d4 d5 15.
Nxe5 Nxe5 16. dxe5 Bxe5 17. f4 Bh8 18. f5 Qd6 19. Qf3 Bd7 20. Bf4 Qb6+ 21. Kh2
Qxb2 22. Rec1 Qxc3 23. Bd3 dxe4 24. Nxe4 Qxa1 25. Rxa1 Bxa1 26. fxg6+ fxg6 27.
Nc5 Rxf4 28. Qd1 Be5 29. g3 Rf7 30. Nxd7 Rxd7 31. Bxg6+ Kxg6 32. Qxd7 Re7 33.
Qg4+ Kh7 34. Qe4+ Kh8 35. Qxb7 c5 36. Qd5 Bd4 37. Qc4 Nf6 38. Kg2 Kg7 39. a4
Rf7 40. Qe6 Rc7 41. Qd6 Rb7 42. h4 h5 43. Kf3 Rb2 44. Qe7+ Kg6 45. g4 hxg4+ 46.
Kg3 Kf5 0-1

[Event "Bay Area International"]
[Site "?"]
[Date "2019.01.03"]
[Round "3"]
[White "Korley, Kassa"]
[Black "Jacobson, Aaron"]
[Result "0-1"]
[WhiteElo "2450"]
[BlackElo "2286"]
[PlyCount "94"]
[EventDate "2019.??.??"]
[SourceVersionDate "2019.01.03"]

1. d4 Nf6 2. Nf3 d5 3. Bf4 e6 4. e3 c5 5. Be2 Qb6 6. Nc3 a6 7. a3 Nbd7 8. O-O
Bd6 9. Na4 Qc6 10. Bxd6 Qxd6 11. c4 cxd4 12. Qxd4 O-O 13. c5 Qc6 14. Rac1 e5
15. Nxe5 Nxe5 16. Nb6 Bg4 17. f3 Bxf3 18. gxf3 Rae8 19. Rcd1 Ng6 20. Nxd5 Nxd5
21. Qxd5 Qxd5 22. Rxd5 Rxe3 23. Bd1 Re7 24. Kf2 Rfe8 25. Rd2 Nf4 26. Kg3 Nh5+
27. Kg4 Nf6+ 28. Kh3 Re3 29. Kg2 Kf8 30. Kf2 R3e5 31. Ba4 Rc8 32. b4 Rh5 33.
Kg3 Re5 34. Kf4 Re7 35. Rfd1 Rec7 36. Kf5 a5 37. Rd8+ Ke7 38. Rxc8 Rxc8 39. Rd6
axb4 40. axb4 Ra8 41. Bb5 Ra3 42. Be2 Ra2 43. Bc4 Rxh2 44. Ke5 Rb2 45. b5 Nd7+
46. Kd4 Rd2+ 47. Bd3 Rxd3+ 0-1

[Event "Bay Area International"]
[Site "?"]
[Date "2019.01.03"]
[Round "3"]
[White "Kretchetov, Alexandre"]
[Black "Li, Eric"]
[Result "1/2-1/2"]
[WhiteElo "2241"]
[BlackElo "2007"]
[PlyCount "35"]
[EventDate "2019.??.??"]
[SourceVersionDate "2019.01.03"]

1. Nf3 d5 2. d4 Nf6 3. c4 e6 4. Nc3 Bb4 5. e3 O-O 6. Bd2 c5 7. cxd5 exd5 8. Rc1
Nc6 9. a3 Bxc3 10. Bxc3 c4 11. Ne5 Ne4 12. Be2 Be6 13. Nxc6 bxc6 14. Bb4 Re8
15. b3 a5 16. Bc3 cxb3 17. Qxb3 c5 18. O-O 1/2-1/2

[Event "Bay Area International"]
[Site "?"]
[Date "2019.01.03"]
[Round "3"]
[White "Kung, Thomas"]
[Black "Anderson, Michael"]
[Result "1-0"]
[WhiteElo "2133"]
[BlackElo "1751"]
[PlyCount "111"]
[EventDate "2019.??.??"]
[SourceVersionDate "2019.01.03"]

1. e4 c5 2. Nf3 e6 3. d4 cxd4 4. Nxd4 a6 5. c4 Nf6 6. Nc3 Bb4 7. Qd3 Nc6 8.
Nxc6 dxc6 9. e5 Qxd3 10. Bxd3 Nd7 11. Bf4 Bxc3+ 12. bxc3 Nc5 13. Bc2 b6 14.
O-O-O Bb7 15. Rd6 Rd8 16. Rhd1 Rxd6 17. Rxd6 Ke7 18. Be3 Nd7 19. f4 h6 20. Be4
Rc8 21. c5 bxc5 22. Bf3 Rc7 23. Kb2 Nb6 24. Kc2 Nd7 25. Kb3 a5 26. c4 Ba8 27.
Bd2 f6 28. Bg4 f5 29. Bf3 Nf6 30. Bxa5 Rd7 31. Rxd7+ Nxd7 32. Bc7 Kf7 33. Bd6
Bb7 34. Bc7 g6 35. Ka4 Ke8 36. Ka5 Kf7 37. Bd6 Ke8 38. Bxc5 h5 39. Bb6 Kf7 40.
Bc7 Kg7 41. c5 Kh6 42. Bd8 Kg7 43. Kb4 Kf7 44. Bc7 Ke7 45. Be2 Ke8 46. Bc4 Kf7
47. Bd6 Bc8 48. a4 h4 49. a5 Bb7 50. a6 Ba8 51. h3 Nf8 52. Bxf8 Kxf8 53. Bxe6
Ke7 54. Bc8 Kd8 55. Bb7 Bxb7 56. axb7 1-0

[Event "Bay Area International"]
[Site "?"]
[Date "2019.01.03"]
[Round "3"]
[White "Kumar, Naman"]
[Black "Macieja, Bartlomiej"]
[Result "0-1"]
[WhiteElo "1868"]
[BlackElo "2509"]
[PlyCount "94"]
[EventDate "2019.??.??"]
[SourceVersionDate "2019.01.03"]

1. e4 c5 2. Nf3 Nc6 3. d4 cxd4 4. Nxd4 e6 5. Nc3 Qc7 6. Be3 a6 7. Qd2 Nf6 8.
O-O-O Be7 9. f3 b5 10. g4 Nxd4 11. Qxd4 Bb7 12. h4 Rc8 13. Rd2 Bc5 14. Qd3 Bxe3
15. Qxe3 Qc5 16. Qxc5 Rxc5 17. a3 h6 18. Be2 Ke7 19. Rhd1 g5 20. h5 Rb8 21. Rd3
Rbc8 22. R1d2 d5 23. exd5 Bxd5 24. Rd4 Bc6 25. Na2 a5 26. b4 axb4 27. Nxb4 Bb7
28. Kb2 Re5 29. Kb3 Re3+ 30. R4d3 Re5 31. Rd4 Rc7 32. c3 Nd7 33. Kb2 Nb6 34.
Kb3 Na4 35. Bxb5 Nc5+ 36. Kb2 Bxf3 37. Rf2 Bb7 38. Nd3 Nxd3+ 39. Bxd3 Re3 40.
Re2 Rg3 41. Bb5 Bf3 42. Red2 Rxg4 43. Rd7+ Rxd7 44. Rxd7+ Kf6 45. a4 Rg2+ 46.
Ka3 g4 47. Rd3 Rf2 0-1

[Event "Bay Area International"]
[Site "?"]
[Date "2019.01.03"]
[Round "3"]
[White "Lee, Andy"]
[Black "Ynojosa, Felix"]
[Result "0-1"]
[WhiteElo "2226"]
[BlackElo "2368"]
[PlyCount "90"]
[EventDate "2019.??.??"]
[SourceVersionDate "2019.01.03"]

1. e4 c5 2. Nf3 Nc6 3. d4 cxd4 4. Nxd4 e5 5. Nb5 d6 6. N1c3 a6 7. Na3 b5 8. Nd5
Nce7 9. c4 Nxd5 10. exd5 bxc4 11. Nxc4 Be7 12. Bd2 Rb8 13. Ba5 Qd7 14. Be2 Nf6
15. O-O O-O 16. a4 Qa7 17. Bf3 Bd7 18. Re1 Rfc8 19. b3 Bf5 20. g4 Bg6 21. h4 e4
22. Be2 h6 23. Bc3 Qc5 24. Bd4 Qb4 25. h5 Bh7 26. a5 Nxd5 27. Bxg7 Kxg7 28.
Qxd5 Rc5 29. Qd1 Rg5 30. Ne3 Qc5 31. Bxa6 d5 32. Ra4 Bf6 33. Nc2 Bf5 34. Be2
Bd7 35. b4 Qc8 36. Ra3 Be5 37. Ne3 d4 38. Ng2 d3 39. Bxd3 exd3 40. f3 Bd4+ 41.
Kh1 Bc6 42. Qxd3 Rxh5+ 43. Nh4 Rxh4+ 44. Kg2 Rxb4 45. Qd2 Rb2 0-1